| 000 | 00614nam a2200217 a 4500 | ||
|---|---|---|---|
| 001 | 21128 | ||
| 003 | BD-RjUL | ||
| 005 | 20240318123038.0 | ||
| 008 | 140303s1960 nyu 000 1 eng d | ||
| 035 | _a(BD-RjUL)21128 | ||
| 040 |
_aDLC _cDLC _dDLC _dBD-RjUL _beng |
||
| 041 | _aeng | ||
| 082 | 0 | 0 |
_a823.91 _bSNA 1960 |
| 100 | 1 |
_aSnow, C. P. _q(Charles Percy), _d1905-1980. _922516 |
|
| 245 | 1 | 4 |
_aThe affair / _c C. P. Snow |
| 260 |
_aLondon; _aNew York : _bMacmillan & Co Ltd., _c1960 |
||
| 300 |
_a375 p. ; _c22 cm. |
||
| 490 | 0 | _a[His Strangers and brothers, 8] | |
| 650 | 0 |
_aThe affair _965311 |
|
| 942 |
_2ddc _cBK |
||
| 999 |
_c21128 _d21128 |
||